[Event "Nordic Girls CC 2025 U20"]
[Site "Fredericia"]
[Date "2025.04.27"]
[Round "5.1"]
[White "Vashchenko, Diana"]
[Black "Ostensson, Julia"]
[Result "0-1"]
[WhiteElo "1821"]
[BlackElo "1986"]
[EventDate "2025.04.25"]
[EventType "swiss"]
[EventRounds "5"]
[EventCountry "DEN"]
[SourceTitle "Live v. Kasper Jerwiarz"]

1. d4 d6 2. Nf3 Nf6 3. g3 g6 4. Bg2 Bg7 5. O-O O-O 6. c4 c5 7. dxc5 dxc5 8. Nc3 Nc6 9. Be3 Be6 10. Qa4 Nd4 11. Bxd4 cxd4 12. Rad1 Bd7 13. Rxd4 Bxa4 14. Rxd8 Rfxd8 15. Nxa4 Rac8 16. b3 Ne4 17. e3 Nd6 18. c5 Ne4 19. b4 b6 20. cxb6 axb6 21. Nd4 Bxd4 22. Bxe4 b5 23. exd4 bxa4 24. Rb1 Rxd4 25. Bg2 Rcc4 26. a3 Rc3 27. Ra1 Rdd3 28. b5 Rxa3 29. Rc1 Rab3 30. Bf1 Rdc3 31. Ra1 a3 32. Kg2 Rb2 33. h4 h5 34. Rd1 a2 35. Ra1 Rcc2 36. b6 Rxb6 37. Bd3 Rd2 38. Bc4 Rbb2 39. Bxa2 Rxa2 40. Rf1 Kg7 41. Kf3 Ra3+ 42. Kg2 e5 43. Re1 Kf6 44. Rf1 e4 45. Kh3 Ke5 46. Kg2 e3 0-1

[Event "Nordic Girls CC 2025 U20"]
[Site "Fredericia"]
[Date "2025.04.27"]
[Round "5.2"]
[White "Bruntse, Caroline Lindegaard"]
[Black "Helgadottir, Idunn"]
[Result "0-1"]
[WhiteElo "1827"]
[BlackElo "1788"]
[EventDate "2025.04.25"]
[EventType "swiss"]
[EventRounds "5"]
[EventCountry "DEN"]
[SourceTitle "Live v. Kasper Jerwiarz"]

1. d4 d5 2. c4 e6 3. Nc3 Nf6 4. cxd5 exd5 5. Bg5 c6 6. e3 Bd6 7. Bd3 O-O 8. Nge2 Re8 9. O-O Bxh2+ 10. Kh1 Bd6 11. Qc2 h6 12. Bh4 a5 13. a3 Na6 14. Rfb1 Nc7 15. Na4 Ne6 16. b4 Ng5 17. b5 Nge4 18. bxc6 bxc6 19. Nb6 Rb8 20. Qc3 c5 21. Qxc5 Bb7 22. Qc1 g5 23. Bg3 Bxg3 24. Bxe4 Bxf2 25. Bd3 Rxe3 26. Qc2 Ng4 27. Bf5 h5 28. Nd7 Rc8 29. Nf6+ Nxf6 30. Bxc8 Qxc8 31. Qxc8+ Bxc8 32. Rb8 Rxe2 33. Rxc8+ Kg7 34. Rd1 Re4 35. Rc3 Bxd4 36. Rcd3 Be3 37. g3 Ng4 38. Kg2 Nf2 39. Rxe3 Nxd1 0-1

[Event "Nordic Girls CC 2025 U20"]
[Site "Fredericia"]
[Date "2025.04.27"]
[Round "5.3"]
[White "Bruntse, Kathrine Lindegaard"]
[Black "Lindstad, Livia"]
[Result "1/2-1/2"]
[WhiteElo "1864"]
[BlackElo "2009"]
[EventDate "2025.04.25"]
[EventType "swiss"]
[EventRounds "5"]
[EventCountry "DEN"]
[SourceTitle "Live v. Kasper Jerwiarz"]

1. d4 Nf6 2. c4 e6 3. Nf3 h6 4. a3 d5 5. Nc3 Nbd7 6. e3 c6 7. Bd3 Bd6 8. O-O O-O 9. e4 dxe4 10. Nxe4 Nxe4 11. Bxe4 f5 12. Bc2 a5 13. Re1 Nf6 14. Ne5 Bd7 15. Qe2 Be8 16. Bd2 Bh5 17. Qe3 Qc8 18. b4 Bc7 19. Bc3 Be8 20. Nf3 Bf7 21. Ne5 Re8 22. h3 axb4 23. axb4 b5 24. Qe2 bxc4 25. Qxc4 Bxe5 26. dxe5 Nd5 27. Bd4 Qb7 28. Bc5 Rxa1 29. Rxa1 Ra8 30. Qd4 Kh7 31. Qb2 Nc7 32. Ra2 Nb5 33. Bd3 Rxa2 34. Qxa2 Qd7 35. Bxb5 cxb5 36. Qe2 Be8 37. Kh2 Qd5 38. f3 Bc6 39. Qb2 g5 40. Qd4 Qa2 41. Qd6 Qd5 1/2-1/2

[Event "Nordic Girls CC 2025 U20"]
[Site "Fredericia"]
[Date "2025.04.27"]
[Round "5.4"]
[White "Jonsdottir, Katrin Maria"]
[Black "Harshavardhini, M S"]
[Result "0-1"]
[WhiteElo "1565"]
[BlackElo "1871"]
[EventDate "2025.04.25"]
[EventType "swiss"]
[EventRounds "5"]
[EventCountry "DEN"]
[SourceTitle "Live v. Kasper Jerwiarz"]

1. e4 c5 2. Nf3 d6 3. d4 cxd4 4. Nxd4 Nf6 5. Nc3 a6 6. h3 e6 7. g4 Qc7 8. Bg2 Be7 9. O-O Nfd7 10. Be3 Ne5 11. Qe1 b5 12. f4 Nc4 13. b3 Nxe3 14. Qxe3 Bb7 15. Rac1 Nd7 16. Nce2 Nb6 17. Rfd1 Rc8 18. Nf3 O-O 19. Kh1 d5 20. e5 Nd7 21. Ned4 Qc3 22. Qxc3 Rxc3 23. Ne2 Rc7 24. Nd2 Ba3 25. Ra1 Rxc2 26. Nd4 Rb2 27. Kg1 Rc8 28. Kf1 Nb8 29. Ke1 Nc6 30. Nxc6 Rxc6 31. Rdb1 Rbc2 32. Kd1 Bb2 33. Rxb2 Rxb2 34. Bf1 Rcc2 35. Nf3 Rf2 36. Bd3 Rxf3 37. Be2 Rf2 38. Bd3 d4 39. g5 Be4 0-1

[Event "Nordic Girls CC 2025 U20"]
[Site "Fredericia"]
[Date "2025.04.27"]
[Round "5.5"]
[White "Kongskov, Andrea"]
[Black "Christensen, Astrid Bigum"]
[Result "0-1"]
[WhiteElo "1752"]
[BlackElo "1783"]
[EventDate "2025.04.25"]
[EventType "swiss"]
[EventRounds "5"]
[EventCountry "DEN"]
[SourceTitle "Live v. Kasper Jerwiarz"]

1. e4 e5 2. Nf3 Nc6 3. d4 exd4 4. Bc4 Nf6 5. e5 d5 6. Bb5 Nd7 7. O-O Be7 8. e6 Nf6 9. Nxd4 O-O 10. exf7+ Rxf7 11. Bxc6 bxc6 12. Nxc6 Qd6 13. Nd4 Ng4 14. g3 c5 15. f3 Nxh2 16. Kxh2 cxd4 17. Kg2 Ba6 18. Rh1 Rc8 19. Bf4 Qg6 20. Qxd4 Rxc2+ 21. Nd2 Bg5 22. Bxg5 Qxg5 23. f4 Qf6 24. Qxd5 Bb7 0-1

[Event "Nordic Girls CC 2025 U20"]
[Site "Fredericia"]
[Date "2025.04.27"]
[Round "5.6"]
[White "Soboleva, Lidiia"]
[Black "Karaliute, Urte"]
[Result "0-1"]
[WhiteElo "1416"]
[BlackElo "1580"]
[EventDate "2025.04.25"]
[EventType "swiss"]
[EventRounds "5"]
[EventCountry "DEN"]
[SourceTitle "Live v. Kasper Jerwiarz"]

1. e4 d5 2. exd5 Nf6 3. Nc3 Nxd5 4. Nxd5 Qxd5 5. Nf3 Bg4 6. Be2 Nc6 7. O-O O-O-O 8. c3 e5 9. Ng5 Bf5 10. Bf3 e4 11. Bg4 h6 12. Nh3 g5 13. Bxf5+ Qxf5 14. f4 Bc5+ 15. Kh1 g4 16. Nf2 Rhg8 17. Qe2 Bxf2 18. Qxf2 g3 19. hxg3 Rd3 20. b4 Rdxg3 21. Qe2 Qf6 22. Kg1 Qg6 23. Rf2 Ne7 24. f5 Qg4 25. Qxg4 R8xg4 26. Bb2 h5 27. Re1 Nd5 28. a3 Nf4 29. Kf1 Nd3 0-1